| 000 | 00733cam a2200229 4500 | ||
|---|---|---|---|
| 001 | ABS61416 | ||
| 008 | 000000n1999 000 0 eng u | ||
| 035 | _a(Sirsi) u101003 | ||
| 100 | _aPonting, L. | ||
| 245 | _aHow to avoid legionella | ||
| 260 | _c1999 | ||
| 490 |
_aHealth and Safety Bulletin _v(282) October 1999, 9-11(3) |
||
| 520 | _aArgues that employers must take note of imminent new Health and Safety Executive advice on legionellosis. Lists publications. | ||
| 590 | _aABS | ||
| 650 | _aLEGIONNAIRES' DISEASE | ||
| 650 | _aHEALTH AND SAFETY EXECUTIVE | ||
| 650 | _aEMPLOYERS | ||
| 650 | _aHEALTH AND SAFETY AT WORK | ||
| 650 | _aWATER SYSTEMS | ||
| 690 | _aOFFICE SERVICES AND ADMINISTRATION | ||
| 942 | _n0 | ||
| 999 |
_c60275 _d60275 |
||